Fundamentos para a compreensô de um novo cd̤igo comercial brasileiro

Detalles Bibliográficos
Autor principal: Ribeiro Rodrigues Alves, Giovani
Formato: eBook
Lenguaje:portugués
Publicado: Rio de Janeiro: Editora Processo, 2017
Materias:
Acceso en línea:Acceso restringido

MARC

LEADER 00000nam a22000007a 4500
005 20220808233957.0
007 cr|||| ||||
008 220808s2017 br |||||s|||| 00||0 por d
020 |a 978-85-93741-04-3 
035 |a 36806 
040 |a vLex 
090 |c 13680  |d 13680 
100 1 |a Ribeiro Rodrigues Alves, Giovani 
245 1 0 |a Fundamentos para a compreensô de um novo cd̤igo comercial brasileiro  |h [Recurso electrn̤ico] /  |c Giovani Ribeiro Rodrigues Alves 
256 |a Servicio en ln̕ea 
260 |a Rio de Janeiro:  |b Editora Processo,  |c 2017 
300 |a 1 recurso electrn̤ico 
500 |a O tema que se prope̳ a destrinȧr est ̀no ḿago do direito comercial: qual a melhor configuraȯ̂ possv̕el para o direito positivo que molda as relaė̳s entre empresas? O pressuposto dessa indagaȯ̂ ̌que o direito estatal desempenha vr̀ias funė̳s na economia moderna. A primeira ̌a implementaȯ̂ de polt̕icas pb︢licas, muitas vezes para subjugar determinismos econm̥icos. Sabe-se que o mercado produz efeitos autodestrutv̕eis que devem ser combatidos pelo Direito, como a destruiȯ̂ do meio ambiente, a exploraȯ̂ indevida dos consumidores, o abuso da posiȯ̂ dominante etc. O direito comercial h ̀de abandonar seu viš excessivamente privatista, cuidadosamente desenhado por sua historiografia, e assumir que nô se presta a incensar o interesse das empresas, isoladamente considerado. 
506 1 |a Disponible solo en los productos indicados  |d vLex Global  |d vLex Global (Academic Edition, excluding Law Schools)  |d vLex Global (U.S. Academic Edition, Law Schools)  |d vLex Global (U.S. Academic Edition, excluding Law Schools)  |d vLex Global (Academic Edition, Law Schools) 
650 0 4 |a Cd̤igo de Comercio y Registro Mercantil  |z Brasil 
740 0 |a vLex Libros (Servicio en ln̕ea) 
856 4 0 |u https://app.vlex.com/#/sources/36806  |z Acceso restringido 
942 |c BOOK 
999 0 |a Code of Commerce and Commercial Registry